000 00492nam a2200205Ia 4500
005 20250923144221.0
008 008 250917s9999 xx 000 0 eng d
037 _aTextual
040 _aDSWL
_beng
_cDSWL
041 _aeng
_2eng
084 _qDSWL
100 _aLang, Olga
_9822485
245 0 _aChinese family and society
_cby Olga Lang
260 _c1946
300 _a395 p.
365 _aINR
_b16
925 _g16
942 _cTEXL
999 _c1436191
_d1436191